000 00451nam a2200193Ia 4500
008 210210b1945 xxu||||| |||| 00| 0 eng d
041 _aeng
082 _a821/333
100 _aKEATS (John)
245 _aPoetry and prose: Ellershow Ed
260 _aOxford
_bAt the Clarendon Press
_c1945
650 _aprose:
650 _aPoetry
650 _aEllershow
650 _aEd
650 _aand
690 _aEnglish Literature
906 _a011502
999 _c130179
_d130179